• 首页
  • 本馆介绍
  • 公告通知
  • 最新文献
  • 馆藏检索
  • 电子资源
  • 读者导购
  • 参考咨询
  • 我的图书馆
  • 登录
  • 详细信息显示
  • 放入我的书架
  • 预约/预借图书
  • 作者相关作品
  • 分类相关作品
  • 丛书相关作品
  • 出版社相关作品

书目信息

  • 表格格式
  • 工作单格式
  • 卡片格式
题名:
航空传奇
    
 
作者: 焦国力 著
分册:  
出版信息: 太原   山西教育出版社  2013
页数: 232页
开本: 22cm
丛书名:
单 册:
中图分类: V27-49
科图分类:
主题词: 飞行器--青年读物 , 飞行器
电子资源:
ISBN: 978-7-5440-5893-3
000 00857nam0 2200241 450
001 417668
005 20180527224720.88
010    @a978-7-5440-5893-3@dCNY15.00
100    @a20130808d2013 em y0chiy0110 ea
101 0  @achi
102    @aCN@b140000
105    @aa z 000yy
200 1  @a航空传奇@9hang kong chuan qi@dThe legend of aviation@f焦国力著@zeng
210    @a太原@c山西教育出版社@d2013
215    @a232页@c图@d22cm
330    @a本书分为“揭开写在蓝天的问号”和“定格空中战场的硝烟”两部分,内容包括:哪种战斗机敢在海上“跳芭蕾”、F-117退出历史舞台的秘密、U-2高空侦察机的神秘档案、美军对利比亚实行空中“外科手术”等。
510 1  @aLegend of aviation@zeng
606 0  @a飞行器@j青年读物
606 0  @a飞行器
690    @aV27-49@v5
701  0 @a焦国力@9jiao guo li@f(1950-)@4著
801  0 @aCN@b91MARC@c20130904
905    @aMuseLib@dV27-49@e51
    
    航空传奇=The legend of aviation/焦国力著.-太原:山西教育出版社,2013
    232页:图;22cm
    
    
    ISBN 978-7-5440-5893-3:CNY15.00
    本书分为“揭开写在蓝天的问号”和“定格空中战场的硝烟”两部分,内容包括:哪种战斗机敢在海上“跳芭蕾”、F-117退出历史舞台的秘密、U-2高空侦察机的神秘档案、美军对利比亚实行空中“外科手术”等。
●
相关链接 在E读中查询图书 在五车中查询图书 在当当中查询图书 在豆瓣中查询图书


正题名:航空传奇     索取号:V27-49/51         预约/预借

序号 登录号 条形码 馆藏地/架位号 状态 备注
1 1112355   211123559   第二样本阅览室/ [索取号:V27-49/51] 在馆    
2 1112356   211123568   教育系资料室/ [索取号:V27-49/51] 在馆    
3 1112357   211123577   教育系资料室/ [索取号:V27-49/51] 在馆    
4 1112358   211123586   第三借阅区/ [索取号:V27-49/51] 在馆    
唐山师范学院图书馆 欢迎您!
大连网信软件有限公司© 版权所有